<?xml version="1.0" encoding="UTF-8"?>
<record
    xmlns:xsi="http://www.w3.org/2001/XMLSchema-instance"
    xsi:schemaLocation="http://www.loc.gov/MARC21/slim http://www.loc.gov/standards/marcxml/schema/MARC21slim.xsd"
    xmlns="http://www.loc.gov/MARC21/slim">

  <leader>03206nam a2200397 i 4500</leader>
  <controlfield tag="001">000016888</controlfield>
  <controlfield tag="003">DO-SdBNP</controlfield>
  <controlfield tag="005">20250903095823.0</controlfield>
  <controlfield tag="007">ta</controlfield>
  <controlfield tag="008">090821s1976    dr            000 0 spa d</controlfield>
  <datafield tag="040" ind1=" " ind2=" ">
    <subfield code="a">DO-SdBNP</subfield>
    <subfield code="b">spa</subfield>
    <subfield code="c">BNPHU</subfield>
    <subfield code="e">rda</subfield>
  </datafield>
  <datafield tag="041" ind1=" " ind2=" ">
    <subfield code="h">spa</subfield>
  </datafield>
  <datafield tag="082" ind1=" " ind2="4">
    <subfield code="a">398.2097293</subfield>
    <subfield code="b">A553f,</subfield>
    <subfield code="2">22</subfield>
  </datafield>
  <datafield tag="100" ind1="1" ind2=" ">
    <subfield code="a">Andrade, Manuel Jos&#xE9;,</subfield>
    <subfield code="d">1885-1941</subfield>
    <subfield code="e">autor </subfield>
    <subfield code="4">aut.</subfield>
    <subfield code="9">16084</subfield>
  </datafield>
  <datafield tag="240" ind1=" " ind2="0">
    <subfield code="a">Folk-lore from the Dominican Republic</subfield>
    <subfield code="l">Espa&#xF1;ol</subfield>
  </datafield>
  <datafield tag="245" ind1="1" ind2="0">
    <subfield code="a">Folklore de la Rep&#xFA;blica Dominicana /</subfield>
    <subfield code="c">Manuel Jos&#xE9; Andrade.</subfield>
  </datafield>
  <datafield tag="264" ind1=" " ind2="1">
    <subfield code="a">Santo Domingo :</subfield>
    <subfield code="b">Editora de Santo Domingo, </subfield>
    <subfield code="c">1976.</subfield>
  </datafield>
  <datafield tag="300" ind1=" " ind2=" ">
    <subfield code="a">612 p&#xE1;ginas ;</subfield>
    <subfield code="c">23 cm.</subfield>
  </datafield>
  <datafield tag="336" ind1=" " ind2=" ">
    <subfield code="a">texto</subfield>
    <subfield code="b">txt</subfield>
    <subfield code="2">rdacontent </subfield>
  </datafield>
  <datafield tag="337" ind1=" " ind2=" ">
    <subfield code="a">sin mediaci&#xF3;n</subfield>
    <subfield code="b">n</subfield>
    <subfield code="2">rdamedia</subfield>
  </datafield>
  <datafield tag="338" ind1=" " ind2=" ">
    <subfield code="a">volumen</subfield>
    <subfield code="b">nc</subfield>
    <subfield code="2">rdacarrier</subfield>
  </datafield>
  <datafield tag="490" ind1=" " ind2=" ">
    <subfield code="a">Universidad de Santo Domingo,</subfield>
    <subfield code="a">Ling&#xFC;&#xED;stica y folklore</subfield>
    <subfield code="v">54</subfield>
  </datafield>
  <datafield tag="500" ind1=" " ind2=" ">
    <subfield code="a">Incluye referencias bibliogr&#xE1;ficas y notas al pie de las p&#xE1;ginas.</subfield>
  </datafield>
  <datafield tag="500" ind1=" " ind2=" ">
    <subfield code="a">Reimpresi&#xF3;n de la edici&#xF3;n de 1948. publicado por la Universidad de Santo Domingo, Ciudad Trujillo. Serie Publicaciones de la  Universidad de Santo Domingo, v. 54</subfield>
  </datafield>
  <datafield tag="505" ind1="0" ind2=" ">
    <subfield code="a">Presentaci&#xF3;n /</subfield>
    <subfield code="r">Daniel Toribio --</subfield>
    <subfield code="t">Exordio /</subfield>
    <subfield code="r">Mariano Mella --</subfield>
    <subfield code="t">Pr&#xF3;logo /</subfield>
    <subfield code="t">Rafael Juli&#xE1;n --</subfield>
    <subfield code="t">Palabras preliminares --</subfield>
    <subfield code="t">Prefacio --</subfield>
    <subfield code="t">Introducci&#xF3;n --</subfield>
    <subfield code="t">Los principales informantes --</subfield>
    <subfield code="t">Observaciones acerca del lenguaje --</subfield>
    <subfield code="t">Vocabulario --</subfield>
    <subfield code="t">Cuentos --</subfield>
    <subfield code="t">El ciclo de Juan Bobo --</subfield>
    <subfield code="t">Los hermanos Rivales --</subfield>
    <subfield code="t">El vuelo m&#xE1;gico --</subfield>
    <subfield code="t">La alfombra m&#xE1;gica y argumentos an&#xE1;logos --</subfield>
    <subfield code="t">El hombre con los dientes de oro --</subfield>
    <subfield code="t">El hermano y la hermana abandonados en el bosque matan a la bruja --</subfield>
    <subfield code="t">El gato bondadoso --</subfield>
    <subfield code="t">Buqu&#xED; y lap&#xE9;n --</subfield>
    <subfield code="t">La serpiente de la siete cabezas --</subfield>
    <subfield code="t">Pan y un beso gana la lucha con el monstruo --</subfield>
    <subfield code="t">Los tres perros rompen la cadena y acuden en ayuda --</subfield>
    <subfield code="t">El hermano m&#xE1;s joven captura el caballo de siete colores --</subfield>
    <subfield code="t">La promesa funesta: dar un hijo al diablo --</subfield>
    <subfield code="t">Escuchando al tres brujas --</subfield>
    <subfield code="t">Los ladrones h&#xE1;biles --</subfield>
    <subfield code="t">El falso adivino --</subfield>
    <subfield code="t">La sustituci&#xF3;n de objetos sin valor por objetos m&#xE1;gicos --</subfield>
    <subfield code="t">La cueva de los ladrones y las palabras m&#xE1;gicas --</subfield>
    <subfield code="t">La princesa encantada --</subfield>
    <subfield code="t">La sustracci&#xF3;n traidora de perros por ni&#xF1;os recien nacidos --</subfield>
    <subfield code="t">El ni&#xF1;o de Brea --</subfield>
    <subfield code="t">La muchacha cuyo novio era un pez --</subfield>
    <subfield code="t">La cenicienta --</subfield>
    <subfield code="t">La muchacha m&#xE1;s lista que el rey --</subfield>
    <subfield code="t">El mono curioso en dificultades --</subfield>
    <subfield code="t">Cuentos de hadas --</subfield>
    <subfield code="t">Cuentos de hero&#xED;smo con seres sobrenaturales o monstruos --</subfield>
    <subfield code="t">Cuentos de vindicaci&#xF3;n o protecci&#xF3;n mediante poderes sobrenaturales --</subfield>
    <subfield code="t">Cuentos morales: muerte, fantasmas y el diablo --</subfield>
    <subfield code="t">Historia referente a la divinidad cristiana --</subfield>
    <subfield code="t">Cuentos de animales --</subfield>
    <subfield code="t">Episodio novelescos --</subfield>
    <subfield code="t">Cuentos de dinero y picard&#xED;as --</subfield>
    <subfield code="t">Cuento de ingenio y gracia --</subfield>
    <subfield code="t">Adivinanzas --</subfield>
    <subfield code="t">Proverbios y dec&#xED;res --</subfield>
    <subfield code="t">Creencias y costumbres.</subfield>
  </datafield>
  <datafield tag="534" ind1=" " ind2=" ">
    <subfield code="a">Facsimil de :</subfield>
    <subfield code="b">Folklore de la Rep&#xFA;blica Dominicana.</subfield>
  </datafield>
  <datafield tag="590" ind1=" " ind2=" ">
    <subfield code="a">Inventariado, 2018/VM</subfield>
  </datafield>
  <datafield tag="650" ind1=" " ind2="4">
    <subfield code="a">Folclore</subfield>
    <subfield code="z">Rep&#xFA;blica Dominicana</subfield>
    <subfield code="9">33448</subfield>
  </datafield>
  <datafield tag="650" ind1=" " ind2="4">
    <subfield code="a">Folclor en la literatura</subfield>
    <subfield code="9">4697</subfield>
  </datafield>
  <datafield tag="650" ind1=" " ind2="4">
    <subfield code="a">Cultura popular en la literatura</subfield>
    <subfield code="9">12596</subfield>
  </datafield>
  <datafield tag="650" ind1=" " ind2="4">
    <subfield code="a">Literatura folcl&#xF3;rica</subfield>
    <subfield code="9">1529</subfield>
  </datafield>
  <datafield tag="650" ind1=" " ind2="4">
    <subfield code="a">Culturas tradicionales</subfield>
    <subfield code="9">10920</subfield>
  </datafield>
  <datafield tag="650" ind1=" " ind2="4">
    <subfield code="a">Identidad colectiva</subfield>
    <subfield code="9">1723</subfield>
  </datafield>
  <datafield tag="910" ind1=" " ind2=" ">
    <subfield code="a">Validado. Control de calidad MFF</subfield>
  </datafield>
  <datafield tag="942" ind1=" " ind2=" ">
    <subfield code="2">ddc</subfield>
    <subfield code="c">LBS1</subfield>
  </datafield>
  <datafield tag="952" ind1=" " ind2=" ">
    <subfield code="0">0</subfield>
    <subfield code="1">0</subfield>
    <subfield code="2">ddc</subfield>
    <subfield code="5">1</subfield>
    <subfield code="7">0</subfield>
    <subfield code="8">PD</subfield>
    <subfield code="a">BNPHU</subfield>
    <subfield code="b">BNPHU</subfield>
    <subfield code="c">HD</subfield>
    <subfield code="d">2010-03-12</subfield>
    <subfield code="e">Donaci&#xF3;n</subfield>
    <subfield code="o">BNPHU PD 398.2097293 A553f</subfield>
    <subfield code="p">16888-10</subfield>
    <subfield code="r">2020-06-25</subfield>
    <subfield code="w">2020-06-25</subfield>
    <subfield code="y">LBS1</subfield>
    <subfield code="z">Perteneci&#xF3; a la biblioteca personal de Mart&#xED;nez Boog.</subfield>
  </datafield>
  <datafield tag="952" ind1=" " ind2=" ">
    <subfield code="0">0</subfield>
    <subfield code="1">0</subfield>
    <subfield code="2">ddc</subfield>
    <subfield code="5">1</subfield>
    <subfield code="7">0</subfield>
    <subfield code="8">PD</subfield>
    <subfield code="a">BNPHU</subfield>
    <subfield code="b">BNPHU</subfield>
    <subfield code="c">HD</subfield>
    <subfield code="d">2013-06-11</subfield>
    <subfield code="o">BNPHU PD 398.2097293 A553f</subfield>
    <subfield code="p">16888-20</subfield>
    <subfield code="r">2020-06-25</subfield>
    <subfield code="t">e.2</subfield>
    <subfield code="w">2020-06-25</subfield>
    <subfield code="y">LBS1</subfield>
  </datafield>
  <datafield tag="952" ind1=" " ind2=" ">
    <subfield code="0">0</subfield>
    <subfield code="1">0</subfield>
    <subfield code="2">ddc</subfield>
    <subfield code="5">6</subfield>
    <subfield code="7">0</subfield>
    <subfield code="8">DS</subfield>
    <subfield code="a">BNPHU</subfield>
    <subfield code="b">BNPHU</subfield>
    <subfield code="c">HD</subfield>
    <subfield code="d">2015-02-19</subfield>
    <subfield code="o">BNPHU DS 398.2097293 A553f</subfield>
    <subfield code="p">16888-30</subfield>
    <subfield code="r">2020-06-25</subfield>
    <subfield code="t">e.3</subfield>
    <subfield code="w">2020-06-25</subfield>
    <subfield code="y">LBS1</subfield>
  </datafield>
  <datafield tag="952" ind1=" " ind2=" ">
    <subfield code="0">0</subfield>
    <subfield code="1">0</subfield>
    <subfield code="2">ddc</subfield>
    <subfield code="5">6</subfield>
    <subfield code="7">0</subfield>
    <subfield code="8">DS</subfield>
    <subfield code="a">BNPHU</subfield>
    <subfield code="b">BNPHU</subfield>
    <subfield code="c">HD</subfield>
    <subfield code="d">2022-08-22</subfield>
    <subfield code="o">BNPHU DS 398.2097293 A553f,</subfield>
    <subfield code="p">2022-3725</subfield>
    <subfield code="r">2022-08-22</subfield>
    <subfield code="t">e.4</subfield>
    <subfield code="w">2022-08-22</subfield>
    <subfield code="y">LBS1</subfield>
  </datafield>
  <datafield tag="952" ind1=" " ind2=" ">
    <subfield code="0">0</subfield>
    <subfield code="1">0</subfield>
    <subfield code="2">ddc</subfield>
    <subfield code="5">6</subfield>
    <subfield code="7">0</subfield>
    <subfield code="8">DS</subfield>
    <subfield code="a">BNPHU</subfield>
    <subfield code="b">BNPHU</subfield>
    <subfield code="c">HD</subfield>
    <subfield code="d">2017-10-18</subfield>
    <subfield code="e">Donado por Lourdes Delgado</subfield>
    <subfield code="l">0</subfield>
    <subfield code="o">BNPHU DS 398.2097293 A553f,</subfield>
    <subfield code="p">2023-6877</subfield>
    <subfield code="r">2023-10-11</subfield>
    <subfield code="t">e.5</subfield>
    <subfield code="w">2023-10-11</subfield>
    <subfield code="y">LBS1</subfield>
  </datafield>
  <datafield tag="999" ind1=" " ind2=" ">
    <subfield code="c">16420</subfield>
    <subfield code="d">16420</subfield>
  </datafield>
</record>
